Divine Afairs / (Record no. 1848342)

MARC details
000 -LEADER
fixed length control field 00566nam a22001937a 4500
003 - CONTROL NUMBER IDENTIFIER
control field OSt
005 - DATE AND TIME OF LATEST TRANSACTION
control field 20260420170937.0
008 - FIXED-LENGTH DATA ELEMENTS--GENERAL INFORMATION
fixed length control field 260420b |||||||| |||| 00| 0 eng d
020 ## - INTERNATIONAL STANDARD BOOK NUMBER
International Standard Book Number 8185952884
040 ## - CATALOGING SOURCE
Language of cataloging Eng
Transcribing agency HDL
082 ## - DEWEY DECIMAL CLASSIFICATION NUMBER
Classification number 294.5351 P1
100 ## - MAIN ENTRY--PERSONAL NAME
Personal name Dube, Ishita Banerjee
9 (RLIN) 1109520
245 ## - TITLE STATEMENT
Title Divine Afairs /
Remainder of title Religion, Pilgrimage, and the Sate in Colonial and Postcolonial India
260 ## - PUBLICATION, DISTRIBUTION, ETC.
Place of publication, distribution, etc. Shimla
Name of publisher, distributor, etc. Indian Institute of Advanced Study
Date of publication, distribution, etc. 2001
300 ## - PHYSICAL DESCRIPTION
Extent xii,195p.
651 ## - SUBJECT ADDED ENTRY--GEOGRAPHIC NAME
Source of heading or term Religion
Geographic name India
942 ## - ADDED ENTRY ELEMENTS (KOHA)
Source of classification or shelving scheme Colon Classification (CC)
Koha item type Textual
Suppress in OPAC No
Holdings
Withdrawn status Lost status Source of classification or shelving scheme Damaged status Not for loan Home library Current library Date acquired Total Checkouts Date last seen Price effective from Koha item type
    Colon Classification (CC)     Department of History Library Department of History Library 2026-04-20   2026-04-20 2026-04-20 Textual
Copyright @ Delhi University Library System